000 00990nam a2200289 i 4500
003 EG-GICUC
005 20260202103420.0
008 260202s1972 fr ||||fr|||| 000 0 fre d
040 _aEG-GiCUC
_bfre
_cEG-GiCUC
_dEG-GiCUC
_eRda
082 0 4 _221
_a341.3
_bRO . A
092 0 4 _221
099 _aLaw1 11 341.3 RO . A 1972
100 0 _aRouchdi Fakkar
_eAuteur
245 1 0 _aAux Origines Des Relations Culturelles Contemporaines Entre La France Et Le Monde Arabe /
_cRouchdi Fakkar ; Marcel Émerit.
264 1 _aParis :
_bLibrairie Geuthner,
_c1972.
300 _a175 page :
_billustration ;
_c 24 cm.
336 _2rda contenu
_a texte
337 _2rda medias
_aOrdinateur
338 _2 transporteur rda
_a Ressource en ligne
546 _aTexte en français
650 1 4 _aDroit international public
_2
651 1 _2
700 1 _aÉmerit, Marcel
_ePréfacier
856 4 0 _uhttps://fll.law.cu.edu.eg/fulltext/bks/B11-06582.pdf
905 _a50
942 _2ddc
_cBK
_e21
_n0
999 _c60216
_d60216